La philosophia vvlgar : (Record no. 42323)
[ view plain ]
| 000 -LEADER | |
|---|---|
| campo de control de longitud fija | 01267nam a2200301 i 4500 |
| 001 - NÚMERO DE CONTROL | |
| campo de control | 42323 |
| 003 - IDENTIFICADOR DE NÚMERO DE CONTROL | |
| campo de control | ES-MaACL |
| 005 - FECHA Y HORA DE LA ÚLTIMA TRANSACCIÓN | |
| campo de control | 20250813063303.0 |
| 007 - CAMPO FIJO DE DESCRIPCIÓN FÍSICA--INFORMACIÓN GENERAL | |
| campo de control de longitud fija | t| |
| 008 - DATOS DE LONGITUD FIJA--INFORMACIÓN GENERAL | |
| campo de control de longitud fija | 151020s2012 sp ||||1| spa d |
| 020 ## - NÚMERO INTERNACIONAL ESTÁNDAR DEL LIBRO | |
| Número Internacional Estándar del Libro | 978-84-615-5680-9 |
| 080 ## - NÚMERO DE LA CLASIFICACIÓN DECIMAL UNIVERSAL | |
| Número de la Clasificación Decimal Universal | 821.134.2-84(02)"15"(082.2) |
| 100 1# - ENTRADA PRINCIPAL--NOMBRE DE PERSONA | |
| Nombre de persona | Mal Lara, Juan de, |
| Fechas asociadas al nombre | 1524-1571 |
| 9 (RLIN) | 159232 |
| 245 13 - MENCIÓN DEL TÍTULO | |
| Título | La philosophia vvlgar : |
| Resto del título | primera parte qve contiene mil refranes glosados / |
| Mención de responsabilidad, etc. | de Ioan de Mal Lara ; edición facsímil de José J. Labrador Herraiz, Ralph A. DiFranco. |
| 260 ## - PUBLICACIÓN, DISTRIBUCIÓN, ETC. | |
| Lugar de publicación, distribución, etc. | México : |
| Nombre del editor, distribuidor, etc. | Frente de Afirmación Hispanista, |
| Fecha de publicación, distribución, etc. | 2012. |
| 300 ## - DESCRIPCIÓN FÍSICA | |
| Extensión | 101, [60] p., 294 h. : |
| Otras características físicas | il. ; |
| Dimensiones | 31 cm. |
| 504 ## - NOTA DE BIBLIOGRAFÍA, ETC. | |
| Nota de bibliografía, etc. | Bibliografía: p. 93-101. |
| 534 ## - NOTA SOBRE LA VERSIÓN ORIGINAL | |
| Frase introductoria | Reproducción de la edición de: |
| Publicación, distribución, etc. del original | [Sevilla] : en casa de Hernando Diaz, 1568. |
| 650 #4 - PUNTO DE ACCESO ADICIONAL DE MATERIA--TÉRMINO DE MATERIA | |
| Término de materia o nombre geográfico como elemento de entrada | Refranes y proverbios- |
| Subdivisión de forma | Obras anteriores a 1800. |
| 9 (RLIN) | 16730 |
| 700 1# - ENTRADA AGREGADA--NOMBRE PERSONAL | |
| Nombre de persona | Labrador Herraiz, José J. |
| 9 (RLIN) | 69288 |
| 700 0# - ENTRADA AGREGADA--NOMBRE PERSONAL | |
| Nombre de persona | DiFranco, Ralph A. |
| 9 (RLIN) | 44793 |
| 710 2# - ENTRADA AGREGADA--NOMBRE DE ENTIDAD CORPORATIVA | |
| Nombre de entidad corporativa o nombre de jurisdicción como elemento de entrada | Frente de Afirmación Hispanista, A.C. |
| 9 (RLIN) | 159234 |
| 852 ## - LOCALIZACIÓN | |
| Ubicación | ES-MaACL |
| Número de control de estantería | A-13440 |
| itemnumber | 43885 |
| Sublocalización o colección | R.150835 |
| Ubicación en estantería | Depósito 1 |
| Signatura antigua | Olim: N-6440 |
| Donativo/Legado | Donacion: Real Academia Española |
| 914 ## - NOMBRE ENTIDAD DE DONANTE | |
| RLIN | 6336 |
| Nombre de congreso/reunión o jurisdicción como elemento de entrada | Real Academia Española |
| Unidad subordinada | Donante |
| 942 ## - ELEMENTOS DE ENTRADA SECUNDARIOS (KOHA) | |
| Fuente del sistema de clasificación o colocación | Clasificación decimal universal |
| Tipo de ítem Koha | Libro impreso |
| Estatus retirado | Estado de pérdida | Fuente del sistema de clasificación o colocación | Estado de daño | No para préstamo | Biblioteca de origen | Biblioteca actual | Ubicación en estantería | Fecha de adquisición | Fuente de adquisición | Total de préstamos | Signatura topográfica completa | Código de barras | Visto por última vez | Precio de reemplazo | Tipo de ítem Koha |
|---|---|---|---|---|---|---|---|---|---|---|---|---|---|---|---|
| Clasificación decimal universal | Biblioteca del Ateneo de Madrid | Biblioteca del Ateneo de Madrid | Depósito 1 | 20/10/2015 | Donación | A-13440 | 1194283 | 23/02/2023 | 23/02/2023 | Libro impreso |
